Регионална библиотека "Любен Каравелов" - Русе

Хитър Петър и Настрадин Ходжа (Запис номер 56473)

MARC детайли
000 -Лидер
Контролно поле с фиксирана дължина nam a22 a 4500
003 - Код на организацията, давaща контролен номер
Контролно поле BLK
005 - Дата и час на последна редакция
Контролно поле 20220927161557.0
008 - Елементи от данни с фиксирана дължина
fixed length control field 180408b bul|||||r ||||||| ||bul||
010 ## - Наследен системен номер
LC control number KNG00060454000
040 ## - Източник на каталожния запис
Идентификатор на билиотеката - собственик на записа BLK
041 ## - Код за език
Код за езика на текст/звукозапис или на отделно заглавие Български
Код за езика КДБФ Български
080 ## - УДК
Текстов определител УДК Фолклор (в тесен смисъл)
УДК код - определител по УДК 398
УДК определител (497.2)
УДК - код + определител 398(497.2)
080 ## - УДК
Текстов определител УДК Българска литература
УДК код - определител по УДК 821.163.2
УДК определител -7
УДК - код + определител 821.163.2-7
100 1# - Редна дума - Автор
Автор Вълчев, Величко
Авторска отговорност първи автор
R(LIN) 369332
139 ## - Редно поле
Редна дума Вълчев, Величко
Авторски знак Вълч - В 95
245 10 - Сведения за заглавието
Заглавие Хитър Петър и Настрадин Ходжа
Подзаглавни данни Из историята на бълг. нар. анекдот
Редно поле (дума) Величко Вълчев; отг. ред. Стефана Стойкова.
257 ## - Страна на издаване
Страна на създаване/издаване България
260 ## - Област на издателските данни
Място на издаване, разпространение и проч. софия
Име на издателя, разпространителя и проч. БАН
Година на издаване 1975
300 ## - Физическа характеристика
Страници 356 с.
Размери/Мащаб 24 см
380 ## - Жанр
Жанр Обществени науки
500 ## - Общи забележки
Забележка Изд. на БАН. Инст. за лит. - Рез. на рус. и англ. ез. - Библиогр. с. 338-342. - Съдържа и анекдоти за Хитър Петър и Настрадин Ходжа
504 ## - Забележка за наличие на библиография и др
Забележка за наличие на библиография и под. 338-342
650 #4 - Допълнително описание по предмет – тема
Основно описание – тема или топоним Народно творчество, българско
9 (RLIN) 245232
653 ## - Ключова дума – ненормативна
Ключова дума народно творчество
653 ## - Ключова дума – ненормативна
Ключова дума анекдоти
653 ## - Ключова дума – ненормативна
Ключова дума Хитър Петър
653 ## - Ключова дума – ненормативна
Ключова дума Настрадин Ходжа
700 1# - Други автори (авторска отговорност)
Лично име Стойкова, Стефана
Автороска отговорност (Описва отношението между автора и произведението) отг. ред.
9 (RLIN) 286902
852 ## - Местоположение
Форматна сигнатура Цб 76216
856 4# - Електронен адрес и достъп
Електронен формат pdf - файл
856 4# - Електронен адрес и достъп
Електронен формат pdf - файл
999 ## - СИСТЕМНИ КОНТРОЛНИ НОМЕРА
Koha biblionumber 56473
Koha biblioitemnumber 56473
942 ## - АРТИКУЛИ
Вид на библиотечния материал Книги
Скрит в OPAC Не
Периодичен библиозапис Да
944 ## - СЪЗДАВАНЕ И РЕДАКЦИЯ на ЗАПИСА
Създаване/Редакция Създаване
Дата на регистрацията/редакция 13.06.2004
Служител, извършил регистрацията/редакцията Цветанка_Енчева
944 ## - СЪЗДАВАНЕ И РЕДАКЦИЯ на ЗАПИСА
Създаване/Редакция Редакция
Дата на регистрацията/редакция 2022-09-27
Служител, извършил регистрацията/редакцията ир
999 ## - СИСТЕМНИ КОНТРОЛНИ НОМЕРА
Koha biblioitemnumber 56473
Наличности
Код за отписване Код за изгубен артикул Източник на класификационната схема Код за повреда Коз за рестрикции Код за отдаване Артикулен № Име на библиотеката - собственик Име на библиотеката, в която се намира в момента Статус (Текущо местоположение) Дата на вписване в системата Местоположение - отдел Цена в лева Инвентарен номер Систематично азбучна сигнатура Баркод Номер на екземпляра Цена в евро Служебна бележка Служебен тип на артикула
Изтеглен Не е изгубен Universal Decimal Classification Не е повреден без рестрикции ползва се в читалня 89662 Регионална библиотека "Любен Каравелов" Русе Регионална библиотека "Любен Каравелов" Русе Читалня 1993-01-01 Читалня 3.63 186190 Ч 398/В 95 186190 1 1.86 Дост: Pk Вид: Ф N: стар фонд Дата: 01.01.1975 Дата инв: 15.03.2017 Бележки инв: Ч2017 Книги
  Не е изгубен   Не е повреден без рестрикции заемане за дома 89663 Регионална библиотека "Любен Каравелов" Русе Регионална библиотека "Любен Каравелов" Русе Детски отдел 2007-01-08 Детски отдел 3.63 120000708268 Д 39/В 95 120000708268 2 1.86 Дост: DA Вид: А N: 1 Дата: 05.01.2007 Дата инв: 24.08.2015 Бележки инв: Д2015 Книги
  Не е изгубен Universal Decimal Classification Не е повреден само за читалня ползва се в читалня 89664 Регионална библиотека "Любен Каравелов" Русе Регионална библиотека "Любен Каравелов" Русе Хранилище 2001-01-01 Хранилище 3.63 185300 Цб 76216 120000185300 3 1.86 Дост: Dp Вид: Д N: стар фонд Дата: 01.01.2001 Книги
Изтеглен Не е изгубен Universal Decimal Classification Не е повреден без рестрикции заемане за дома 89665 Регионална библиотека "Любен Каравелов" Русе Регионална библиотека "Любен Каравелов" Русе Заемна - подръчен фонд 2001-01-01 Заемна - подръчен фонд 3.63 186188 П 398/В 95 186188 4 1.86 Дост: Pk Вид: Ф N: стар фонд Дата: 01.01.2001 Книги
Vip Innovations Ltd, Rousse, Bulgaria 2025